00326nam a2200121Ia 4500008004100000041000800041082001400049100001900063245004400082260004500126300002400171365000900195240624s9999 xx 000 0 und d aeng a153.3 RAZ aRAZEGHI ANDREW aRIDDLE WHERE IDEAS COME FROM AND HOW TO c2008aSan FranciscobJohn Wiley and Sons a249 : p. : cm. ; 26 cb30